MARC details
| 000 -LEADER |
| fixed length control field |
01028nam a22002417a 4500 |
| 003 - CONTROL NUMBER IDENTIFIER |
| control field |
OSt |
| 005 - DATE AND TIME OF LATEST TRANSACTION |
| control field |
20260321104323.0 |
| 008 - FIXED-LENGTH DATA ELEMENTS--GENERAL INFORMATION |
| fixed length control field |
250904b |||||||| |||| 00| 0 eng d |
| 040 ## - CATALOGING SOURCE |
| Transcribing agency |
0 |
| 082 ## - DEWEY DECIMAL CLASSIFICATION NUMBER |
| Classification number |
DPer 370.15 J826 April-May 2023 v. 115 n. 3-4 |
| 100 ## - MAIN ENTRY--PERSONAL NAME |
| Personal name |
Swanson, H. Lee. |
| Relator term |
author. |
| 9 (RLIN) |
59689 |
| 245 ## - TITLE STATEMENT |
| Title |
Stability of learning disabilities, cognitive growth, and L1 in English learners : |
| Remainder of title |
a latent class and transition analysis / |
| Statement of responsibility, etc. |
H. Lee Swanson, Jennifer Kong, and Stefania D. Petcu. |
| 260 ## - PUBLICATION, DISTRIBUTION, ETC. (IMPRINT) |
| Place of publication, distribution, etc. |
Washington ; |
| Name of publisher, distributor, etc. |
American Psychological Association , |
| Date of publication, distribution, etc. |
April 2023. |
| 300 ## - PHYSICAL DESCRIPTION |
| Extent |
Volume 115, pages 379-404 : |
| Other physical details |
illustration ; |
| Dimensions |
28 cm. |
| 500 ## - GENERAL NOTE |
| General note |
Journal of Educational Psychology, vol. 115, no. 3, pages 379-404, April 2023. |
| 650 #0 - SUBJECT ADDED ENTRY--TOPICAL TERM |
| Topical term or geographic name as entry element |
At risk students. |
| 9 (RLIN) |
50002 |
| 650 #0 - SUBJECT ADDED ENTRY--TOPICAL TERM |
| Topical term or geographic name as entry element |
Language acquisition. |
| 9 (RLIN) |
67643 |
| 650 #0 - SUBJECT ADDED ENTRY--TOPICAL TERM |
| Topical term or geographic name as entry element |
Learning disabilities. |
| 9 (RLIN) |
28085 |
| 700 ## - ADDED ENTRY--PERSONAL NAME |
| Personal name |
Swanson, H. Lee. |
| Relator term |
author. |
| 9 (RLIN) |
59689 |
| 710 ## - ADDED ENTRY--CORPORATE NAME |
| Corporate name or jurisdiction name as entry element |
Kong, Jennifer. |
| Relator term |
author. |
| 9 (RLIN) |
67277 |
| 711 ## - ADDED ENTRY--MEETING NAME |
| Meeting name or jurisdiction name as entry element |
Petcu, Stefania D. |
| Relator term |
author. |
| 9 (RLIN) |
67278 |
| 942 ## - ADDED ENTRY ELEMENTS (KOHA) |
| Source of classification or shelving scheme |
Dewey Decimal Classification |
| Koha item type |
Periodicals |